00569nam a22001697a 450000500170000000800410001702000150005804000210007304100080009408200170010210000280011924501010014726000320024830000100028065000550029065000540034520240624051054.0240624b |||||||| |||| 00| 0 eng d a8189003704 aIN-DiNCcIN-DiNC dasm a371.822bMAH aMahanta, Arpanaeauthor aChandraprabha Saikiani:bswadhinatapurba Asamar stri siksha aru nari jagaran/cby Arpana Mahanta aGuwahati:bAnwesha,c2014p. a180p. aChandraprabha Saikia and issues of women education aSocial mobility of women in pre-independent Assam